MARC details
| 000 -LEADER |
| fixed length control field |
02782nam a22004817a 4500 |
| 001 - CONTROL NUMBER |
| control field |
161 |
| 003 - CONTROL NUMBER IDENTIFIER |
| control field |
FISKH |
| 005 - DATE AND TIME OF LATEST TRANSACTION |
| control field |
20241107154249.0 |
| 008 - FIXED-LENGTH DATA ELEMENTS--GENERAL INFORMATION |
| fixed length control field |
230301b cb ||||| |||| 00| 0 eng d |
| 020 ## - INTERNATIONAL STANDARD BOOK NUMBER |
| International Standard Book Number |
9780141346816 |
| 040 ## - CATALOGING SOURCE |
| Original cataloging agency |
DLC |
| Language of cataloging |
eng |
| Transcribing agency |
DLC |
| Modifying agency |
BKX |
| -- |
BAKER |
| -- |
BTCTA |
| -- |
WIQ |
| -- |
EHH |
| -- |
LF8 |
| -- |
YDXCP |
| -- |
FISKH |
| 042 ## - AUTHENTICATION CODE |
| Authentication code |
lcac |
| 049 ## - LOCAL HOLDINGS (OCLC) |
| Holding library |
NOC0 |
| 050 00 - LIBRARY OF CONGRESS CALL NUMBER |
| Classification number |
PZ7.R4829 |
| Item number |
Tit 2007 |
| 082 00 - DEWEY DECIMAL CLASSIFICATION NUMBER |
| Classification number |
813.6 |
| Edition number |
22 |
| 099 #9 - LOCAL FREE-TEXT CALL NUMBER (OCLC) |
| Classification number |
J |
| -- |
Riordan |
| 100 1# - MAIN ENTRY--PERSONAL NAME |
| Personal name |
Riordan, Rick. |
| Authority record control number or standard number |
https://id.loc.gov/authorities/names/no97039491. |
| 245 14 - TITLE STATEMENT |
| Title |
The Titan's curse / |
| Statement of responsibility, etc. |
Rick Riordan. |
| 250 ## - EDITION STATEMENT |
| Edition statement |
1st ed. |
| 260 ## - PUBLICATION, DISTRIBUTION, ETC. |
| Place of publication, distribution, etc. |
New York |
| Name of publisher, distributor, etc. |
Miramax Books |
| -- |
Hyperion Books for Children |
| Date of publication, distribution, etc. |
2007 |
| 300 ## - PHYSICAL DESCRIPTION |
| Extent |
312 p. |
| Dimensions |
20 cm. |
| 336 ## - CONTENT TYPE |
| Content type term |
text |
| Content type code |
txt |
| Source |
rdacontent. |
| 337 ## - MEDIA TYPE |
| Media type term |
unmediated |
| Media type code |
n |
| Source |
rdamedia. |
| 338 ## - CARRIER TYPE |
| Carrier type term |
volume |
| Carrier type code |
nc |
| Source |
rdacarrier. |
| 490 1# - SERIES STATEMENT |
| Series statement |
Percy Jackson & the Olympians ; |
| Volume/sequential designation |
bk. 3. |
| 500 ## - GENERAL NOTE |
| General note |
Later printings labeled as Disney/Hyperion due to company restructuring. |
| 505 ## - FORMATTED CONTENTS NOTE |
| Formatted contents note |
M |
| 520 ## - SUMMARY, ETC. |
| Summary, etc. |
When the goddess Artemis disappears while hunting a rare, ancient monster, a group of her followers joins Percy and his friends in an attempt to find and rescue her before the winter solstice, when her influence is needed to sway the Olympian Council regarding the war with the Titans. |
| 521 8# - TARGET AUDIENCE NOTE |
| Target audience note |
630 |
| Source |
Lexile |
| 521 8# - TARGET AUDIENCE NOTE |
| Target audience note |
M |
| Source |
Raz-Plus |
| 600 00 - SUBJECT ADDED ENTRY--PERSONAL NAME |
| Personal name |
Artemis |
| Titles and other words associated with a name |
(Greek deity) |
| Authority record control number or standard number |
https://id.loc.gov/authorities/names/no2014110560 |
| Form subdivision |
Juvenile fiction. |
| Authority record control number or standard number |
https://id.loc.gov/authorities/subjects/sh99001687. |
| 650 #0 - SUBJECT ADDED ENTRY--TOPICAL TERM |
| Topical term or geographic name entry element |
Mythology, Greek |
| Form subdivision |
Juvenile fiction. |
| Authority record control number or standard number |
https://id.loc.gov/authorities/subjects/sh2010103041. |
| 650 #0 - SUBJECT ADDED ENTRY--TOPICAL TERM |
| Topical term or geographic name entry element |
Animals, Mythical |
| Form subdivision |
Juvenile fiction. |
| Authority record control number or standard number |
https://id.loc.gov/authorities/subjects/sh2009114988. |
| 650 #0 - SUBJECT ADDED ENTRY--TOPICAL TERM |
| Topical term or geographic name entry element |
Monsters |
| Form subdivision |
Juvenile fiction. |
| Authority record control number or standard number |
https://id.loc.gov/authorities/subjects/sh2008107936. |
| 650 #0 - SUBJECT ADDED ENTRY--TOPICAL TERM |
| Topical term or geographic name entry element |
Titans (Mythology) |
| Authority record control number or standard number |
https://id.loc.gov/authorities/subjects/sh85135642 |
| Form subdivision |
Juvenile fiction. |
| Authority record control number or standard number |
https://id.loc.gov/authorities/subjects/sh99001687. |
| 650 #1 - SUBJECT ADDED ENTRY--TOPICAL TERM |
| Topical term or geographic name entry element |
Mythology, Greek |
| Authority record control number or standard number |
https://id.loc.gov/authorities/childrensSubjects/sj2021050983 |
| Form subdivision |
Fiction. |
| Authority record control number or standard number |
https://id.loc.gov/authorities/childrensSubjects/sj2020050019. |
| 650 #1 - SUBJECT ADDED ENTRY--TOPICAL TERM |
| Topical term or geographic name entry element |
Mythical animals |
| Authority record control number or standard number |
https://id.loc.gov/authorities/childrensSubjects/sj2002004227 |
| Form subdivision |
Fiction. |
| Authority record control number or standard number |
https://id.loc.gov/authorities/childrensSubjects/sj2020050019. |
| 650 #1 - SUBJECT ADDED ENTRY--TOPICAL TERM |
| Topical term or geographic name entry element |
Monsters |
| Authority record control number or standard number |
https://id.loc.gov/authorities/childrensSubjects/sj2021050219 |
| Form subdivision |
Fiction. |
| Authority record control number or standard number |
https://id.loc.gov/authorities/childrensSubjects/sj2020050019. |
| 650 #1 - SUBJECT ADDED ENTRY--TOPICAL TERM |
| Topical term or geographic name entry element |
Fantasy. |
| Authority record control number or standard number |
https://id.loc.gov/authorities/childrensSubjects/sj2001010209. |
| 655 #7 - INDEX TERM--GENRE/FORM |
| Genre/form data or focus term |
Fantasy fiction. |
| Source of term |
lcgft |
| Authority record control number or standard number |
https://id.loc.gov/authorities/genreForms/gf2014026333. |
| 800 1# - SERIES ADDED ENTRY--PERSONAL NAME |
| Personal name |
Riordan, Rick. |
| Title of a work |
Percy Jackson & the Olympians ; |
| Authority record control number or standard number |
https://id.loc.gov/authorities/names/n2005061889 |
| Volume/sequential designation |
bk. 3. |
| 942 ## - ADDED ENTRY ELEMENTS (KOHA) |
| Source of classification or shelving scheme |
Dewey Decimal Classification |
| Koha item type |
Books |
| Suppress in OPAC |
No |